[Event "Berlin SF Neukoelln op 3rd"]
[Site "Berlin"]
[Date "2004.03.19"]
[Round "7"]
[White "Lauber, Alexander"]
[Black "Kiesewalter, Frank"]
[Result "1/2-1/2"]
[WhiteElo "1798"]
[BlackElo "1518"]
[PlyCount "28"]
[EventDate "2004.02.07"]
[EventType "swiss"]
[EventRounds "7"]
[EventCountry "GER"]
[SourceTitle "EXT 2022"]
[Source "ChessBase"]
[SourceDate "2021.10.06"]
[SourceVersion "1"]
[SourceVersionDate "2021.10.06"]
[SourceQuality "1"]

1. e4 e5 2. f4 exf4 3. Nf3 d6 4. d4 Bg4 5. Bc4 Nd7 6. Bxf4 Qf6 7. Qd2 Bxf3 8. gxf3 0-0-0 9. Nc3 Nb6 10. Be2 h6 11. a4 g5 12. Be3 d5 13. b3 Bb4 14. a5 Qc6 1/2-1/2